Churches of Pakistan (Record no. 617422)
[ view plain ]
| 000 -LEADER | |
|---|---|
| fixed length control field | 00463nam a22001697a 4500 |
| 003 - CONTROL NUMBER IDENTIFIER | |
| control field | NUST |
| 005 - DATE AND TIME OF LATEST TRANSACTION | |
| control field | 20260512161601.0 |
| 008 - FIXED-LENGTH DATA ELEMENTS--GENERAL INFORMATION | |
| fixed length control field | 260512b ||||| |||| 00| 0 eng d |
| 020 ## - INTERNATIONAL STANDARD BOOK NUMBER | |
| International Standard Book Number | 978-969-9532-00-9 |
| 082 ## - DEWEY DECIMAL CLASSIFICATION NUMBER | |
| Classification number | 277.4 |
| Author Mark | SAF |
| 100 ## - MAIN ENTRY--PERSONAL NAME | |
| Personal name | Safdar Ali Shah, Syed Javaid A. Kazi. |
| 9 (RLIN) | 134426 |
| 245 ## - TITLE STATEMENT | |
| Title | Churches of Pakistan |
| Statement of responsibility, etc. | Safdar Ali Shah, Syed Javaid A. Kazi. |
| 260 ## - PUBLICATION, DISTRIBUTION, ETC. | |
| Place of publication, distribution, etc. | Pakistan |
| 300 ## - PHYSICAL DESCRIPTION | |
| Extent | 120 p ; |
| Dimensions | 40.5 cm |
| 563 ## - BINDING INFORMATION | |
| Binding note | Hardcover |
| 942 ## - ADDED ENTRY ELEMENTS (KOHA) | |
| Source of classification or shelving scheme | |
| Koha item type | Book |
| Withdrawn status | Lost status | Source of classification or shelving scheme | Damaged status | Not for loan | Permanent Location | Current Location | Date acquired | Total Checkouts | Full call number | Barcode | Date last seen | Price effective from | Koha item type |
|---|---|---|---|---|---|---|---|---|---|---|---|---|---|
| Institute of Geographical Information Systems (IGIS) | Institute of Geographical Information Systems (IGIS) | 05/12/2026 | 277.4 SAF | IGIS-626 | 05/12/2026 | 05/12/2026 | Book |
